000 00442nam a2200193Ia 4500
999 _c96247
_d96247
003 0100
005 20181113094359.0
008 130307s9999 xx 000 0 und d
040 _cARRUPELIB
050 _aPR9898.N49A61 1973
100 _aAluko, T. M
_943223
245 _aHis worshipful majesty
260 _aLondon
260 _bHeinemann
260 _c1873
300 _a175p.
300 _b19cm.
650 _aLITERATURE
_936757
650 _bBible old testament - theology
_943384
942 _2lcc
_cMONOGRAPH